000 00556nam a2200193Ia 4500
005 20250508152845.0
008 008 250505s9999 xx 000 0 eng d
037 _aTextual
040 _aFEDL
_beng
_cFEDL
041 _aeng
_2eng
084 _a370.947, BER
_qFEDL
100 _aBereday George Z F Ed.
_9139640
245 0 _aPolitics of soviet education
260 _aLondon, UK
_bAtlantic Books Stevens and Sons Ltd.
_c1960
300 _avi,217p.
650 _aEdcuation
942 _cTEXL
_h370.947, BER
999 _c1339230
_d1339230